000 00617cam a2200169 4500500
005 20260405004010.0
041 _afre
042 _adc
100 1 0 _aLegros, Martin
_eauthor
245 0 0 _a“Qu’est-ce qu’être humaniste ? Une brève histoire de la libre pensée”, la grande fresque excentrique de Sarah Bakewell
260 _c2026.
500 _a4
690 _aHumanisme
690 _aSarah Bakewell
786 0 _nPhilosophie magazine | 196 | 1 | 2026-01-01 | p. 154-155 | 1951-1787
856 4 1 _uhttps://shs.cairn.info/magazine-philosophie-magazine-2026-1-page-154?lang=fr&redirect-ssocas=7080
999 _c2072760
_d2072760